<?xml version="1.0" encoding="UTF-8"?>
<record
    xmlns:xsi="http://www.w3.org/2001/XMLSchema-instance"
    xsi:schemaLocation="http://www.loc.gov/MARC21/slim http://www.loc.gov/standards/marcxml/schema/MARC21slim.xsd"
    xmlns="http://www.loc.gov/MARC21/slim">

  <leader>01294nam0a2200325   4500</leader>
  <controlfield tag="001">RU\NLR\BIBL_A\011493169</controlfield>
  <controlfield tag="005">20250626080127.0</controlfield>
  <datafield tag="035" ind1=" " ind2=" ">
    <subfield code="a">(NLR Aleph) 011493169</subfield>
  </datafield>
  <datafield tag="090" ind1=" " ind2=" ">
    <subfield code="a">11956121</subfield>
    <subfield code="c">11956121</subfield>
  </datafield>
  <datafield tag="100" ind1=" " ind2=" ">
    <subfield code="a">20171010d1932    |||y0rusy50      ca</subfield>
  </datafield>
  <datafield tag="101" ind1="0" ind2=" ">
    <subfield code="a">rus</subfield>
  </datafield>
  <datafield tag="102" ind1=" " ind2=" ">
    <subfield code="a">RU</subfield>
  </datafield>
  <datafield tag="105" ind1=" " ind2=" ">
    <subfield code="a">a   z   000zy</subfield>
  </datafield>
  <datafield tag="200" ind1="1" ind2=" ">
    <subfield code="a">&#x426;&#x438;&#x444;&#x440;&#x44B; &#x438; &#x444;&#x430;&#x43A;&#x442;&#x44B; &#x437;&#x430; 15 &#x43B;&#x435;&#x442; &#x43F;&#x43E; &#x430;&#x432;&#x442;&#x43E;&#x441;&#x442;&#x440;&#x43E;&#x435;&#x43D;&#x438;&#x44E; &#x432; &#x421;&#x421;&#x421;&#x420;</subfield>
  </datafield>
  <datafield tag="210" ind1=" " ind2=" ">
    <subfield code="a">&#x41C;.-&#x41B;.</subfield>
    <subfield code="c">&#x410;&#x432;&#x438;&#x430;&#x430;&#x432;&#x442;&#x43E;&#x438;&#x437;&#x434;&#x430;&#x442;, &#x442;&#x438;&#x43F;&#x43E;-&#x43B;&#x438;&#x442;. &#x438;&#x43C;. &#x412;&#x43E;&#x440;&#x43E;&#x432;&#x441;&#x43A;&#x43E;&#x433;&#x43E; [&#x432; &#x41C;&#x441;&#x43A;]</subfield>
    <subfield code="d">1932</subfield>
  </datafield>
  <datafield tag="215" ind1=" " ind2=" ">
    <subfield code="a">&#x41E;&#x431;&#x43B;., 54, [2] c.</subfield>
    <subfield code="c">&#x438;&#x43B;&#x43B;.</subfield>
    <subfield code="d">22&#x445;15</subfield>
  </datafield>
  <datafield tag="300" ind1=" " ind2=" ">
    <subfield code="a">&#x41F;&#x435;&#x440;&#x435;&#x434; &#x437;&#x430;&#x433;&#x43B;.: &#x411;.&#x412;. &#x41B;&#x430;&#x432;&#x440;&#x43E;&#x432;&#x441;&#x43A;&#x438;&#x439;</subfield>
  </datafield>
  <datafield tag="606" ind1=" " ind2=" ">
    <subfield code="a">&#x410;&#x432;&#x442;&#x43E;&#x43C;&#x43E;&#x431;&#x438;&#x43B;&#x435;&#x441;&#x442;&#x440;&#x43E;&#x435;&#x43D;&#x438;&#x435;</subfield>
    <subfield code="y">&#x421;&#x421;&#x421;&#x420;</subfield>
    <subfield code="9">888086</subfield>
    <subfield code="3">RU\NLR\AUTH\66413</subfield>
  </datafield>
  <datafield tag="606" ind1=" " ind2=" ">
    <subfield code="a">&#x422;&#x440;&#x430;&#x43A;&#x442;&#x43E;&#x440;&#x43E;&#x441;&#x442;&#x440;&#x43E;&#x435;&#x43D;&#x438;&#x435;</subfield>
    <subfield code="y">&#x421;&#x421;&#x421;&#x420;</subfield>
    <subfield code="9">1818511</subfield>
    <subfield code="3">RU\NLR\AUTH\661113721</subfield>
  </datafield>
  <datafield tag="606" ind1="1" ind2=" ">
    <subfield code="a">&#x410;&#x432;&#x442;&#x43E;&#x43C;&#x43E;&#x431;&#x438;&#x43B;&#x44C;&#x43D;&#x430;&#x44F; &#x43F;&#x440;&#x43E;&#x43C;&#x44B;&#x448;&#x43B;&#x435;&#x43D;&#x43D;&#x43E;&#x441;&#x442;&#x44C;</subfield>
    <subfield code="y">&#x421;&#x421;&#x421;&#x420;</subfield>
    <subfield code="9">1060517</subfield>
    <subfield code="3">RU\NLR\AUTH\6693114</subfield>
  </datafield>
  <datafield tag="686" ind1="1" ind2=" ">
    <subfield code="a">&#x41E;33</subfield>
  </datafield>
  <datafield tag="686" ind1="1" ind2=" ">
    <subfield code="a">&#x41E;34</subfield>
  </datafield>
  <datafield tag="686" ind1="1" ind2=" ">
    <subfield code="a">&#x423;30(2)585.152.731</subfield>
  </datafield>
  <datafield tag="700" ind1=" " ind2="1">
    <subfield code="a">&#x41B;&#x430;&#x432;&#x440;&#x43E;&#x432;&#x441;&#x43A;&#x438;&#x439;</subfield>
    <subfield code="b">&#x411;.&#x412;.</subfield>
    <subfield code="g">&#x411;&#x43E;&#x440;&#x438;&#x441; &#x412;&#x44F;&#x447;&#x435;&#x441;&#x43B;&#x430;&#x432;&#x43E;&#x432;&#x438;&#x447;</subfield>
  </datafield>
  <datafield tag="852" ind1=" " ind2=" ">
    <subfield code="a">NLR</subfield>
    <subfield code="j">32-11/2581</subfield>
  </datafield>
  <datafield tag="852" ind1=" " ind2=" ">
    <subfield code="a">NLR</subfield>
    <subfield code="j">62-6/12479</subfield>
  </datafield>
  <datafield tag="942" ind1=" " ind2=" ">
    <subfield code="c">BOOK</subfield>
  </datafield>
  <datafield tag="980" ind1=" " ind2=" ">
    <subfield code="a">NB</subfield>
  </datafield>
</record>
